| 000 -CABECERA |
| Longitud fija campo de control |
01094cam a2200301 a 4500 |
| 001 - NÚMERO DE CONTROL |
| Número de control |
991004844889706706 |
| 003 - IDENTIFICADOR DEL NÚMERO DE CONTROL |
| Identificador del número de control |
OSt |
| 005 - FECHA Y HORA DE LA ÚLTIMA TRANSACCIÓN |
| Fecha y hora de la última transacción |
20231019165233.0 |
| 008 - CÓDIGOS DE INFORMACIÓN DE LONGITUD FIJA |
| Códigos de información de longitud fija |
081209s2008 spc|||| |||| ||0 0 cat c |
| 017 ## - NÚMERO DE COPYRIGHT O DE DEPÓSITO LEGAL |
| Número de copyright o de depósito legal |
DL B. 16.349-2023 |
| Agencia que asigna el número |
Biblioteca de Catalunya |
| 020 ## - NÚMERO INTERNACIONAL NORMALIZADO PARA LIBROS |
| Número Internacional Normalizado para Libros (ISBN) |
9788419729132 |
| 040 ## - FUENTE DE LA CATALOGACIÓN |
| Centro catalogador de origen |
CDMR |
| Centro transcriptor |
CDMR |
| Lengua de catalogación |
cat |
| 080 ## - NÚMERO DE LA CLASIFICACIÓN DECIMAL UNIVERSAL |
| Número de la Clasificación Decimal Universal |
849.9"19" |
| 090 ## - CAMPOS LOCALES |
| Número de clasificación (OCLC) ; Número de clasificación,LLAMADA (RLIN) |
PQC114 |
| Signatura local (OCLC) ; Signatura sin dividir, número de libro, CALL (RLIN) |
.G85 2008 |
| 100 ## - PUNTO DE ACCESO PRINCIPAL-NOMBRE DE PERSONA |
| Nombre de persona |
Guillamon, Julià |
| 9 (RLIN) |
4841 |
| 245 13 - MENCIÓN DE TÍTULO |
| Título |
El dia revolt : |
| Resto del título |
literatura catalana de l'exili / |
| Mención de responsabilidad, etc. |
Julià Guillamon |
| 260 ## - PUBLICACIÓN, DISTRIBUCIÓN, ETC. (PIE DE IMPRENTA) |
| Lugar de publicación, distribución, etc. |
Barcelona : |
| Nombre del editor, distribuidor, etc. |
Empúries, |
| Fecha de publicación, distribución, etc. |
2023 |
| 300 ## - DESCRIPCIÓN FÍSICA |
| Extensión |
527p. : |
| Otras características físicas |
il. col. ; |
| Dimensiones |
25cm |
| 490 1# - MENCIÓN DE SERIE |
| Mención de serie |
Biblioteca universal Empúries ; |
| Designación de volumen o secuencia |
225 |
| 500 ## - NOTA GENERAL |
| Nota general |
Premi Octavi Pellissa 2006 |
| 650 #7 - PUNTO DE ACCESO ADICIONAL DE MATERIA - TÉRMINO DE MATERIA |
| Término de materia o nombre geográfico como elemento inicial |
Literatura de l'exili catalana |
| Subdivisión de materia general |
Història i crítica. |
| Fuente del encabezamiento o término |
lemac |
| 650 #7 - PUNTO DE ACCESO ADICIONAL DE MATERIA - TÉRMINO DE MATERIA |
| Término de materia o nombre geográfico como elemento inicial |
Exiliats |
| Subdivisión geográfica |
Catalunya |
| Subdivisión de materia general |
Història |
| Subdivisión cronológica |
S. XX. |
| Fuente del encabezamiento o término |
lemac |
| 830 #0 - PUNTO DE ACCESO ADICIONAL DE SERIE - TÍTULO UNIFORME |
| Título uniforme |
Biblioteca universal Empúries ; |
| Designación de volumen o secuencia |
225 |
| 907 ## - ELEMENTO G DATOS LOCALES, GDL (RLIN) |
| a |
.b41039440 |
| b |
17-06-21 |
| c |
09-12-08 |
| d |
10-02-09 |
| e |
m |
| f |
a |
| g |
- |
| h |
cat |
| i |
spc |
| j |
0 |
| k |
2 |
| 908 ## - CONTROL DE PARÁMETROS (RLIN) |
| Parametro de comando lanzado |
BMON |
| -- |
BAB |
| -- |
UB |
| -- |
CLR |
| -- |
BC |
| -- |
UPF |
| -- |
URV |
| -- |
UAB |
| -- |
CCCB |
| -- |
UdG |
| -- |
ANC |
| -- |
AHCB |
| -- |
MD |
| -- |
BPC |
| -- |
CHCC |
| -- |
FMJC |
| -- |
BPEB |
| 940 ## - |
| T&íacute;tulo uniforme |
<a href="BC">BC</a> |
| 942 ## - ENTRADA DE ELEMENTOS AGREGADOS (KOHA) |
| Fuente de clasificaión o esquema |
|
| Koha [por defecto] tipo de item |
Monografies |